| 000 | 00849nac a22002537a 4500 | ||
|---|---|---|---|
| 003 | Co-PeBPM | ||
| 005 | 20240823162102.0 | ||
| 007 | ta | ||
| 008 | 240823s2023 ck |||| |||| 00| 0 spa d | ||
| 020 | _a9786289561588 | ||
| 040 |
_aCo-PeBPM _bspa _cCo-PeBPM _erda |
||
| 082 | 0 | 4 |
_aCo863 C133r _222 |
| 100 | 1 |
_aCaicedo J., Cecilia _eautora |
|
| 245 |
_aLa realidad es absolutamente efímera _b: Novela _c/ Cecilia Caicedo J. |
||
| 250 | _aPrimera edición | ||
| 260 |
_aPereira, Colombia _b: Klepsidra Editores, _c2023 |
||
| 300 |
_a81 páginas _c20 centímetros |
||
| 500 | _aIncluye índice | ||
| 500 | _aContiene datos biográficos de la autora en la solapa del texto | ||
| 650 | 1 | 4 |
_aLiteratura colombiana _2Lemb |
| 650 | 1 | 4 |
_aNovela colombiana _2Lemb |
| 942 |
_2ddc _cBK _n0 |
||
| 999 |
_c59454 _d59454 |
||